| 000 | 00790cab a2200217 4500 | ||
|---|---|---|---|
| 001 | ABS42464 | ||
| 008 | 090401t1990 xxu||||| |||| 00| 0 eng d | ||
| 035 | _a(Sirsi) u37015 | ||
| 041 | _aeng | ||
| 100 | _aSheehan, A. | ||
| 245 | _aWaste land becomes one Hull of a place | ||
| 260 | _c1990 | ||
| 350 | _a0 | ||
| 490 |
_aBuilding Today _v199(5848) 22 March 1990, 29-30(2) |
||
| 520 | _aRedevelopment of Victoria Docks in Hull has been made possible because of the availability of an Urban Regeneration Grant . Describes the procedures involved, the private/public sector partnerships which have been established and the schemes which are planned. | ||
| 650 | _aBELLWAY URBAN RENEWALS | ||
| 650 | _aJOINT VENTURES | ||
| 690 | _aURBAN RENEWAL | ||
| 942 | _n0 | ||
| 948 | _c04/03/1997 | ||
| 999 |
_c23953 _d23953 |
||